[Event "CRI-ch (Women)"]
[Site "San Jose"]
[Date "2024.02.10"]
[Round "4"]
[White "Salas Estrada, Ana Maria"]
[Black "Charaja Umana, Nataly Crisbeth"]
[Result "0-1"]
[WhiteElo "1253"]
[BlackElo "1431"]
[PlyCount "81"]
[EventDate "2024.02.03"]
[EventType "swiss"]
[EventRounds "9"]
[EventCountry "CRI"]
[SourceTitle "CB08_2024"]
[SourceDate "2024.02.21"]
[SourceVersion "1"]
[SourceVersionDate "2024.02.21"]
[SourceQuality "1"]

1. Nf3 d5 2. d3 Nf6 3. g3 Nc6 4. Bg2 e5 5. 0-0 Be7 6. Re1 0-0 7. e4 d4 8. Nbd2 Bb4 9. Rf1 Re8 10. a4 Bg4 11. Nc4 Qd7 12. Bd2 Bc5 13. Qe1 Rab8 14. b4 Bxf3 15. Bxf3 Bf8 16. b5 Nd8 17. Bg2 a6 18. Qb1 axb5 19. axb5 b6 20. f4 Bd6 21. fxe5 Bxe5 22. Nxe5 Rxe5 23. Bf4 Rxb5 24. Qa2 Nc6 25. Qa4 Ra5 26. Qc4 Rc5 27. Qa4 b5 28. Qb3 Rc3 29. Qb2 Qe6 30. Bxc7 Rb7 31. Bf4 h6 32. Be3 b4 33. Bd2 Rc5 34. Ra6 Qe7 35. e5 Nxe5 36. Bxb7 Qxb7 37. Qxb4 Rb5 38. Qd6 Nf3+ 39. Rxf3 Qxf3 40. Ra1 Qe2 41. Qf4 0-1

[Event "CRI-ch (Women)"]
[Site "San Jose"]
[Date "2024.02.04"]
[Round "3"]
[White "Araya Garita, Amanda"]
[Black "Salas Estrada, Ana Maria"]
[Result "0-1"]
[WhiteElo "1400"]
[BlackElo "1253"]
[PlyCount "72"]
[EventDate "2024.02.03"]
[EventType "swiss"]
[EventRounds "9"]
[EventCountry "CRI"]
[SourceTitle "CB08_2024"]
[SourceDate "2024.02.21"]
[SourceVersion "1"]
[SourceVersionDate "2024.02.21"]
[SourceQuality "1"]

1. d4 d5 2. e3 Bf5 3. Bb5+ c6 4. Bd3 Bg6 5. c4 Nf6 6. Nf3 e6 7. 0-0 Bb4 8. a3 Ba5 9. b4 Bc7 10. Nc3 Bh5 11. Re1 0-0 12. e4 dxe4 13. Nxe4 Nxe4 14. Bxe4 Nd7 15. Bg5 Qb8 16. Be7 Re8 17. Qd3 Bxf3 18. Bxh7+ Kh8 19. Bf6 Nxf6 20. Bg6 fxg6 21. Qxg6 Bh5 22. Qg5 Bxh2+ 23. Kf1 Qf4 24. Qxf4 Bxf4 25. b5 cxb5 26. cxb5 e5 27. Rad1 Bxd1 28. Rxd1 Rad8 29. Rc1 Bxc1 30. a4 exd4 31. a5 d3 32. Kg1 Bf4 33. g3 Bxg3 34. fxg3 Re2 35. b6 Rc8 36. bxa7 Rc1# 0-1

[Event "San Jose subzonal (Women) 2.3.c"]
[Site "San Jose"]
[Date "2018.03.26"]
[Round "4"]
[White "Salas Estrada, Ana Maria"]
[Black "Hernandez, Bera"]
[Result "0-1"]
[WhiteElo "1396"]
[BlackElo "1754"]
[PlyCount "58"]
[EventDate "2018.03.25"]
[EventType "swiss"]
[EventRounds "9"]
[EventCountry "CRI"]
[SourceTitle "EXT 2019"]
[Source "ChessBase"]
[SourceDate "2018.10.10"]
[SourceVersion "1"]
[SourceVersionDate "2018.10.10"]
[SourceQuality "1"]

1. d4 d5 2. Bf4 Nf6 3. c4 e6 4. Nf3 Be7 5. e3 Nbd7 6. Nc3 c6 7. h3 Nf8 8. Bd3 Ng6 9. Bh2 b6 10. Rc1 Bb7 11. cxd5 exd5 12. Qa4 0-0 13. Ba6 b5 14. Nxb5 cxb5 15. Qxb5 Bxa6 16. Qxa6 Qb6 17. Qe2 Bb4+ 18. Nd2 Ne4 19. 0-0 Nxd2 20. Bc7 Qe6 21. Rfd1 Ne4 22. Qb5 Be7 23. Rc6 Qf5 24. f4 Qh5 25. Rdc1 Bh4 26. Be5 Bf2+ 27. Kf1 Bxe3 28. Qxd5 Ng3+ 29. Ke1 Qe2# 0-1